Statistics for Historical football teams

Click here to take the quiz!

General Stats

  • This quiz has been taken 16 times
    (11 since last reset)
  • The average score is 23 of 50

Answer Stats

Starting eleven (finals or iconic matches)Team and year% Correct
Martínez; Molina, Romero, Otamendi, Tagliafico; De Paul, Fernández, Mac Allister; Messi, Álvarez, Di MaríaArgentina 2022
89%
Valdes; Puyol, Touré, Piqué, Sylvinho; Xavi, Busquets, Iniesta; Messi, Eto'o, HenryBarcellona 2009
89%
Gilmar; Djalma Santos, Orlando Peranha, Bellini, Nilton Santos; Zito, Didi; Garrincha, Vavá, Pelé, ZagalloBrazil 1958
89%
Lloris; Pavard, Varane, Umtiti, Hernández; Pogba, Kanté; Mbappé, Griezmann, Matuidi; GiroudFrance 2018
89%
Neuer; Lahm, Boateng, Hummels, Höwedes; Kramer, Schweinsteiger, Kroos; Müller, Klose, ÖzilGermany 2014
89%
Ederson; Akanji, Dias, Aké; Stones, Rodri; Silva, De Bruyne, Gündoğan, Grealish; HaalandManchester City 2023
89%
Ladić; Šimić, Štimac, Bilić; Stanić, Boban, Soldo, Asanović, Jarni; Vlaović; ŠukerCroatia 1998
78%
Banks; Cohen, J. Charlton, Moore, Wilson; Stiles; Ball, B. Charlton, Peters; Hurst, HuntEngland 1966
78%
Alisson; Alexander-Arnold, Matip, van Dijk, Robertson; Henderson, Fabinho, Wijnaldum; Salah, Firmino, ManéLiverpool 2019
78%
Schmeichel; Neville, Johnsen, Stam, Irwin; Giggs, Beckham, Butt, Blomqvist; Yorke, ColeManchester United 1999
78%
Casillas; Ramos, Piqué, Puyol, Capdevila; Iniesta, Busquets, Xavi, Alonso, Pedro; VillaSpain 2010
78%
Marcos; Lúcio, Edmilson, Roque Júnior; Cafu, Gilberto Silva, Kléberson, Roberto Carlos; Ronaldinho; Rivaldo, RonaldoBrazil 2002
67%
Čech; Bosingwa, Luiz, Cahill, Cole; Kalou, Mikel, Lampard, Bertand; Mata; DrogbaChelsea 2012
67%
Grocics; Buzanski, Lorant, Lantos; Bozsik, Zakarias; Czibor, Hidegkuti, Toth; Kocsis, PuskásHungary 1954
67%
Zoff; Scirea; Bergomi, Gentile, Collovati, Cabrini; Conti, Tardelli, Oriali; Rossi, GrazianiItaly 1982
67%
Jongbloed; Suurbier, Rijsbergen, Haan, Krol; Neeskens, Jansen, van Hanegem; Rep, Cruijff, RensenbrinkNetherlands 1974
67%
Domínguez; Marquitos, Santamaria, Pachín; Vidal, Zárraga; Canário, Del Sol, Di Stéfano, Puskás, GentoReal Madrid 1960
67%
Félix; Carlos Alberto, Brito, Piazza, Everaldo; Clodoaldo, Gérson; Jairzinho, Tostão, Pelé, RivelinoBrazil 1970
56%
Julio Cesar; Maicon, Lúcio, Samuel, Chivu; Zanetti, Cambiasso; Sneijder; Eto'o, Milito, PandevInter 2010
56%
Tomaszewski; Szymanowski, Żmuda, Gorgon, Musiał; Maszczyk, Deyna, Kasperczak; Lato; Szarmach; GadochaPoland 1974
56%
Maier; Hansen, Schwarzenbek, Beckenbauer, Horsmann; Kapellmann, Roth, Dürnberger; Rummenigge, Hoeneß, MüllerBayern Munich 1976
44%
Bathez; Thuram, Lebœuf, Desailly, Lizarazu; Karembeu, Deschamps, Petit; Zidane; Djorkaeff, Guivarc'hFrance 1998
44%
Stepney; Brennan, Foulkes, Sadler, Dunne; Crerand, Charlton, Stiles; Best, Kidd, AstonManchester United 1968
44%
Galli; Tassotti, Baresi, Costacurta, Maldini; Colombo, Rijkaard, Ancelotti, Donadoni; Gullit, van BastenMilan 1989
44%
Dida; Costacurta, Nesta, Maldini, Kaladze; Gattuso, Pirlo, Seedorf; Rui Costa; Shevchenko, InzaghiMilan 2003
44%
César; Salgado, Hierro, Helguera, Roberto Carlos; Figo, Makélélé, Solari; Raúl, Zidane, MorientesReal Madrid 2002
44%
Navas; Carvajal, Varane, Ramos, Marcelo; Modrić, Casemiro, Kroos; Benzema, Isco, Cristiano RonaldoReal Madrid 2018
44%
Máspoli; González; Gambetta, Tejera, Andrade; Pérez, Varela, Schiaffino; Ghiggia, Míguez, MoránUruguay 1950
44%
Maier; Vogst, Beckenbauer, Schwarzenbeck, Breitner; Bonhof, Hoeneß, Overath; Grabowski; Müller, HölzenbeinWest Germany 1974
44%
Fillol; Olguín, Galván, Passarella, Tarantini; Ardiles, Gallego, Kempes; Bertoni, Luque, OrtizArgentina 1978
33%
Platzer; Sesta, Cisar; Smistik, Urbanek, Wagner; Bican, Schall, Sindelar, Viertl, ZischekAustria 1934
33%
Costa Pereira; Mario João, Germano, Ângelo; Cavérn, Cruz; Augusto, Eusébio, Águas, Coluna, SimõesBenfica 1962
33%
Ettori; Amoros, Janvion, Trésor, Bossis; Rocheteau, Tigana, Giresse, Six; Platini, GenghiniFrance 1982
33%
Stein; Hieronymus; Kalts, Jakobs, Wehmeyer; Groh, Rolff, Milewski; Bastrup, Magath, HrubeschHamburg 1983
33%
Peruzzi; Torricelli, Ferrara, Vierchowood, Pessotto; Conte, Sousa, Deschamps; Ravanelli, Vialli, Del PieroJuventus 1996
33%
Duckadam; iovan, Bumbescu, Belodedici, Bărbulescu; Majearu, Bălan, Bölöni, Balint; Lăcătuş, PiţurcăSteaua Bucharest 1986
33%
Myhaylov; Kiriakov, Hubčev, Ivanov; Sirakov, Cvetanov, Balakov, Yankov, Lečkov; Stoičkov, KostadinovBulgaria 1994
22%
N'Kono; Tataw, Massing, Kundé, Ebwellé; Makanaky, Mfédé, Kana-Biyik, Mbouh; Milla, Oman-BiyikCameroon 1990
22%
Plánička; Čtyřoký, Ženíšek; Krčil; Čambal, Košťálek; Puč, Nejedlý, Sobotka, Svoboda, JunekCzechoslovakia 1934
22%
Schrojf; Tichy, Popluhar, Pluskal, Novak; Pospichal, Kvasnak, Masopust; Jelinek, Scherer, KadrabaCzechoslovakia 1962
22%
Sarti; Picchi; Burgnich; Guarneri, Facchetti; Jair, Mazzola, Tagnin, Suárez, Corso; MilaniInter 1964
22%
Shilton; Anderson, Lloyd, Burns, Clark; Francis, McGovern, Bowyer, Robertson; Birtles; WoodcockNottingham Forest 1979
22%
Stuy; Suurbier, Hulshoff, Blankenburg, Krol; Neeskens, Haan, Mühren; Rep, Cruijff, KeizerAjax 1973
11%
Simpson; Craig, McNeill, Clark, Gemmell; Murdoch, Auld; Johnstone, Chalmers, Wallace, LennoxCeltic 1967
11%
Bucci; Benarrivo, Couto, Minotti, Susic, Di Chiara; Fiore, Baggio, Crippa; Zola, AsprillaParma 1995
11%
Soriano; Yacono, Vaghi, Ferreyra; Rodolfi, Ramos; Muñoz, Moreno, Pedernera, Labruna, LoustauRiver Plate 1940s
11%
Rimmer; Swain, McNaught, Evans, Williams; Mortimer, Cowans, Bremmer; Withe, Shaw, MorleyAston Villa 1982
0%
Caranta; Ibarra, Díaz, Morel Rodríguez, Rodríguez; Ledesma, Banga, Cardozo; Riquelme; Palacio, PalermoBoca Juniors 2007
0%
Weverton; Mayke, Gustavo Gómez, LUan, Piquerez; Danilo, Zé Rafael; Dudu, Raphael Veiga, Gustavo Scarpa; RonyPalmeiras 2021
0%
Bacigalupo; Ballarin, Rigamonti; Grezar, Castigliano, Martelli; Menti, Loik, Gabetto, Mazzola, OssolaTurin 1940s
0%

Score Distribution

Percentile by Number Answered

Percent of People with Each Score

Your Score History

You have not taken this quiz since the last reset